000 01280nam2a2200277 4500
001 RU\NLR\bibl\1799046
005 20250616145612.0
010 _a978-5-904180-05-8
_91000
021 _aRU
_b2011-53631
_93821
035 _a(NLR Aleph) 001789720
090 _a1749633
_c1749633
100 _a20110816d2011 |||y0rusy50 ca
101 0 _arus
102 _aRU
105 _aac |||||||||
200 1 _aЗаводы. Люди. Корабли
_fред. совет: А.М. Геворков [и др.]
_gпод общ. ред. Г.Н. Муру
_gотв. ред.: Л.А. Кузнецов
210 _d2011
_aБ. м.
215 _a619 с., [18] л. цв. ил., портр.
_cил., портр.
320 _aБиблиогр. в подстроч. примеч.
461 0 _1001RU\NLR\bibl\744136
_12001#$aИстория отечественного военного судоремонта$vКн. 3
_9780442
_cМ.
_d2004
_fРед. совет: В.А. Федоров - пред., и др.]
_nГангут
_o[В 3 кн.
_tИстория отечественного военного судоремонта
_vКн. 3
702 1 _aГеворков
_bА. М.
_4340
801 0 _aRU
_bNLR
_c20110816
_gRCR
801 1 _aRU
_bNLR
_c20110816
942 _cBOOK
980 _aNB